| 000 | 00450nam a2200181Ia 4500 | ||
|---|---|---|---|
| 005 | 20250423095548.0 | ||
| 008 | 250422s9999 xx 000 0 und d | ||
| 020 | _a0-89096-593-5 | ||
| 050 | _aHN613.5.M47 | ||
| 100 | _aStjepan G. Mestrovic | ||
| 245 | 0 | _aHabits of the Balkan Heart | |
| 260 | _aUSA | ||
| 260 | _bTexas A&M University Press College Station | ||
| 260 | _c1993 | ||
| 300 | _a181 p | ||
| 650 | _aPolitical Science | ||
| 942 | _cBK | ||
| 999 |
_c30650 _d30650 |
||